Good democratic leadership : on prudence and judgment in modern democracies /

This volume explores whether, in the current atmosphere of international economic and political tension, and more generally, democracies foster and support effective political judgment and good leadership. In analyzing various aspects of democratic leadership, judgment, prudence and decision-making...

Full description

Bibliographic Details
Other Authors: Kane, John, 1945 April 18- (Editor), Patapan, Haig, 1959- (Editor)
Format: eBook
Language:English
Language Notes:English.
Published: Oxford, United Kingdom ; New York, NY : Oxford University Press, 2014.
Edition:First edition.
Subjects:
Online Access:Connect to the full text of this electronic book

MARC

Tag First Indicator Second Indicator Subfields
LEADER 00000cam a2200000 i 4500
001 in00005711521
005 20260319160519.4
006 m o d
007 cr |n||||||||a
008 150120s2014 enk ob 001 0 eng d
040 |a NhCcYBP  |b eng  |e pn  |c N15  |d OCLCO  |d VLB  |d OCLCF  |d NLGGC  |d LHU  |d YDXCP  |d KIJ  |d OCLCQ  |d OCLCO  |d FIE  |d STBDS  |d Z5A  |d BUF  |d CEF  |d U3W  |d AU@  |d WYU  |d YOU  |d OCLCQ  |d OCLCO  |d SFB  |d OCLCO  |d OCLCQ  |d OCLCO  |d OCLCL  |d OCLCO  |d OCLCQ  |d OCLCL  |d OCLCO  |d HS0  |d RDF  |d OCLCO  |d N$T  |d YDX  |d EBLCP  |d UKAHL  |d CLOUD 
019 |a 897008543  |a 897974880  |a 900088741  |a 967261383  |a 1060829869  |a 1066649506  |a 1074142689  |a 1081083726  |a 1087438738  |a 1088470583  |a 1091625002  |a 1109198519 
020 |a 9780191763397  |q (electronic bk.) 
020 |a 019176339X  |q (electronic bk.) 
020 |z 9780199683840  |q (hardback ;  |q alk. paper) 
020 |z 0199683840  |q (hardback ;  |q alk. paper) 
020 |a 9780191506765  |q (electronic bk.) 
020 |a 0191506761  |q (electronic bk.) 
035 |a (OCoLC)904187846  |z (OCoLC)897008543  |z (OCoLC)897974880  |z (OCoLC)900088741  |z (OCoLC)967261383  |z (OCoLC)1060829869  |z (OCoLC)1066649506  |z (OCoLC)1074142689  |z (OCoLC)1081083726  |z (OCoLC)1087438738  |z (OCoLC)1088470583  |z (OCoLC)1091625002  |z (OCoLC)1109198519 
050 4 |a JC330.3  |b .G67 2014eb 
072 7 |a SOC  |x 000000  |2 bisacsh 
082 0 4 |a 303.3/4  |2 23 
084 |a 89.35  |2 bcl 
084 |a 89.54  |2 bcl 
049 |a TXAM 
245 0 0 |a Good democratic leadership :  |b on prudence and judgment in modern democracies /  |c edited by John Kane and Haig Patapan. 
250 |a First edition. 
264 1 |a Oxford, United Kingdom ;  |a New York, NY :  |b Oxford University Press,  |c 2014. 
300 |a 1 online resource (vii, 251 pages .) 
336 |a text  |b txt  |2 rdacontent 
337 |a computer  |b c  |2 rdamedia 
338 |a online resource  |b cr  |2 rdacarrier 
504 |a Includes bibliographical references and index. 
505 0 |a Good democratic leadership / John Kane and Haig Patapan -- Populist resentment, elitist arrogance : two challenges to good democratic leadership / William A. Galston -- The tangled relationship of democracy, leadership, and justice in urban America : a view from Richmond / Thad Williamson -- When leaders are not good : exploring bad leadership in liberal democracies across time and space / Ludger Helms -- Civil society and good democratic leadership / Nannerl O. Keohane -- Democratic leadership and civil education / Bruce Miroff -- Emancipators' dilemmas : democratic leadership and the politics of equal rights / Rogers M. Smith -- Judgement and democratic leadership / Ian Shapiro -- The institutional approach to political leadership / Robert Elgie -- Good democratic leadership in foreign affairs : an elite-centered approach / Elizabeth N. Saunders -- Leadership judgement in economic affairs / John Kane -- Democratic leadership and the problem of future generations / Kenneth Ruscio -- Patriotic leadership in democracy / Haig Patapan. 
588 0 |a Print version record. 
520 8 |a This volume explores whether, in the current atmosphere of international economic and political tension, and more generally, democracies foster and support effective political judgment and good leadership. In analyzing various aspects of democratic leadership, judgment, prudence and decision-making from a variety of theoretical and practical perspectives, all the contributors to this book address this question of the extent to which democracies support good judgement and thereby the possibility of 'good' leadership in democracies. 
546 |a English. 
650 0 |a Political leadership  |x Moral and ethical aspects. 
650 0 |a Decision making  |x Political aspects. 
650 0 |a Democracy. 
650 6 |a Prise de décision  |x Aspect politique. 
650 6 |a Démocratie locale. 
650 7 |a Decision making  |x Political aspects  |2 fast 
650 7 |a Democracy  |2 fast 
650 7 |a Political leadership  |x Moral and ethical aspects  |2 fast 
650 7 |a Political Science.  |2 hilcc 
650 7 |a Law, Politics & Government.  |2 hilcc 
650 7 |a Political Theory of the State.  |2 hilcc 
650 7 |a SOCIAL SCIENCE  |x General.  |2 bisacsh 
655 7 |a Electronic books.  |2 local 
655 0 |a Electronic book. 
700 1 |a Kane, John,  |d 1945 April 18-  |e editor.  |1 https://id.oclc.org/worldcat/entity/E39PBJdmhtFHqKc3fG4YHqChHC 
700 1 |a Patapan, Haig,  |d 1959-  |e editor.  |1 https://id.oclc.org/worldcat/entity/E39PCjr7FWd6XmpMqbTKjfYgcd 
758 |i has work:  |a Good democratic leadership (Text)  |1 https://id.oclc.org/worldcat/entity/E39PCGMMKpb9YfG4tgT9qXjf7b  |4 https://id.oclc.org/worldcat/ontology/hasWork 
776 0 8 |i Print version:  |t Good democratic leadership.  |b First Edition.  |d Oxford, United Kingdom ; New York, NY : Oxford University Press, 2014  |z 9780199683840  |w (DLC) 2013958186  |w (OCoLC)890005208 
856 4 0 |u http://proxy.library.tamu.edu/login?url=https://academic.oup.com/book/12848  |z Connect to the full text of this electronic book  |t 0 
936 |a BATCHLOAD 
955 |a Oxford Scholarship Online 
994 |a 92  |b TXA 
999 f f |i 73338207-9c9c-41a1-9548-c580781f5d4e  |s ce9796b2-84d1-43d1-acba-325267e65702  |t 0 
952 f f |a Texas A&M University  |b College Station  |c Electronic Resources  |s www_evans  |d Available Online  |t 0  |e JC330.3 .G67 2014eb  |h Library of Congress classification 
998 f f |a JC330.3 .G67 2014eb  |t 0  |l Available Online